000 01628nam a2200445 a 4500
999 _c115243
_d115243
003 BLK
005 20250124142759.0
008 180409b bul|||||r ||||||| ||bul||
010 _aKNG00120716000
040 _aBLK
041 _aBUL
_cBUL
080 _aПлетене на дантели. Тюл. Филе
_b746.2
_z746.2
100 1 _aПопова, Дина Кр.
_eпърви автор
_9314009
139 _aПопова, Дина Кр.
_bП 76
245 1 0 _aМалко умение, малко търпение
_bНауч.-худож. кн. за деца
_cДина Кр. Попова; худож. Красимира Стоянова.
257 _aBGR
260 _bОтечество
_c1990
_aСофия
300 _a40 с.
_bс ил., сх.
_c32 см
380 _a7
490 _aПоредица Сръчният Ежко
_9207087
500 _aБиблиогр. с. 40.
650 4 _aДантели - изработване
_9314010
650 4 _aШевици
_9177811
653 _aръкоделие
653 _aшевици
653 _aдантели
653 _aшнурове
653 _aапликации
653 _aпачуърк
653 _aпоанлас
653 _aфриволите
700 1 _aСтоянова, Красимира
_eхудож.
_9366951
852 _aЦб ІІ 15362
856 4 _qpdf
856 4 _qpdf
942 _cKNG
_n0
_03
_s1
944 _aCR
_c11.01.2011
_lАнна Гръцманова
_k30564
944 _aED
_c26.06.2015
_lдобави в АБ / 10.01.2011
_kИрена_Линкова
999 _d115243